| 000 | 00452nam a2200169Ia 4500 | ||
|---|---|---|---|
| 008 | 220531s9999 xx 000 0 und d | ||
| 041 | _amar | ||
| 100 |
_aकुलकर्णी पी . के. _951415 |
||
| 245 | _aसामाजिक विचार प्रवाह | ||
| 250 | _a1ST | ||
| 260 |
_bPalgrave _c1998 |
||
| 300 | _a267 | ||
| 542 | _d05-01-2008 | ||
| 650 |
_aSociology _951416 |
||
| 906 | _d2007-2008 | ||
| 999 |
_c29924 _d29924 |
||